000
00327nam a2200109Ia 4500
008
200302s9999 xx 000 0 und d
100
_a
Georges Binder & Other
245
_a
Contemporary High-Rise Apartment & Mixed-Buildings Sky High Living
260
_b
The Images Publishing Group Pvt. Ltd.
260
_c
2002
300
_a
256 P.,
999
_c
5198
_d
5198